La tragedia boliviana / (Record no. 171426)

MARC details
000 -LEADER
campo de control de longitud fija 00652nam a22001935i 4500
001 - NÚMERO DE CONTROL
campo de control 171426
003 - IDENTIFICADOR DE NÚMERO DE CONTROL
campo de control ES-MaACL
005 - FECHA Y HORA DE LA ÚLTIMA TRANSACCIÓN
campo de control 20230906214630.0
008 - DATOS DE LONGITUD FIJA--INFORMACIÓN GENERAL
campo de control de longitud fija 090514s1932 ag |||| | spa d
080 ## - NÚMERO DE LA CLASIFICACIÓN DECIMAL UNIVERSAL
Número de la Clasificación Decimal Universal 984"1879/938"
080 ## - NÚMERO DE LA CLASIFICACIÓN DECIMAL UNIVERSAL
Número de la Clasificación Decimal Universal 980.3"1932/35"
100 1# - ENTRADA PRINCIPAL--NOMBRE DE PERSONA
Nombre de persona Sofovich, Manuel.
9 (RLIN) 140135
245 13 - MENCIÓN DEL TÍTULO
Título La tragedia boliviana /
Mención de responsabilidad, etc. por Manuel Sofovich, enviado especial de "Noticias Gráficas" ; ilustraciones de Gubellini.
260 ## - PUBLICACIÓN, DISTRIBUCIÓN, ETC.
Lugar de publicación, distribución, etc. Buenos Aires :
Nombre del editor, distribuidor, etc. [s.n.],
Fecha de publicación, distribución, etc. 1932 (
Fabricante Industria Artística)
300 ## - DESCRIPCIÓN FÍSICA
Extensión 63 p. :
Otras características físicas il. ;
Dimensiones 24 cm.
650 #4 - PUNTO DE ACCESO ADICIONAL DE MATERIA--TÉRMINO DE MATERIA
Término de materia o nombre geográfico como elemento de entrada Guerra del Chaco, 1932-1935.
9 (RLIN) 13197
700 1# - ENTRADA AGREGADA--NOMBRE PERSONAL
Nombre de persona Gubellini.
9 (RLIN) 140136
852 ## - LOCALIZACIÓN
Ubicación ES-MaACL
Número de control de estantería 1777-F-5
Holdings
Estatus retirado Estado de pérdida Estado de daño No para préstamo Colección Biblioteca de origen Biblioteca actual Ubicación en estantería Fecha de adquisición Fuente de adquisición Total de préstamos Signatura topográfica completa Código de barras Visto por última vez Precio de reemplazo Tipo de ítem Koha
        Colección de folletos Biblioteca del Ateneo de Madrid Biblioteca del Ateneo de Madrid Depósito folletos 14/05/2009     1777-F-5 1179903 23/02/2023 23/02/2023 Folleto